Normal view
MARC view
Entry Topical Term
001 - CONTROL NUMBER
- control field: 1315
003 - CONTROL NUMBER IDENTIFIER
- control field: ARRUPE
005 - DATE AND TIME OF LATEST TRANSACTION
- control field: 20130925173751.0
008 - FIXED-LENGTH DATA ELEMENTS
- fixed length control field: 130925|| aca||aabn | a|a d
040 ## - CATALOGING SOURCE
- Original cataloging agency: ARRUPE
- Transcribing agency: ARRUPE
150 ## - HEADING--TOPICAL TERM
- Topical term or geographic name as entry element: Wedding sermons.
670 ## - SOURCE DATA FOUND
- Source citation: Work cat.: (ARRUPE)0: Hoffsümmer, Willi. 1314, Of wine in the jars :, c1995.